[Event "SV Dinslaken 1 - Bahn-SC Wuppertal 1"]
[Site "Oberliga NRW 2019/2020"]
[Date "2019.10.13"]
[Round "2.2"]
[White "Welzel, Philipp"]
[Black "Savchenko, Vyacheslav"]
[Result "0-1"]
[WhiteElo "2252"]
[BlackElo "2345"]
[PlyCount "80"]
[EventDate "2019.??.??"]
[SourceVersionDate "2020.03.16"]
[WhiteTeam "SV Dinslaken 1"]
[BlackTeam "Bahn-SC Wuppertal 1"]

1. d4 d5 2. Nf3 Nf6 3. g3 e6 4. Bg2 Be7 5. O-O O-O 6. c4 c6 7. Qc2 b6 8. Nbd2
Bb7 9. e4 Nbd7 10. e5 Ne8 11. cxd5 cxd5 12. Re1 Rc8 13. Qa4 Qc7 14. Nb1 Qc6 15.
Qd1 b5 16. Bf1 b4 17. a3 bxa3 18. Nxa3 Ba6 19. Bd3 Nc7 20. Bb1 Qb6 21. Qa4 Nb8
22. Bd2 Nc6 23. Qc2 g6 24. Bc3 Na5 25. Nd2 Rb8 26. Qa4 Nc6 27. Rc1 f6 28. exf6
Bxf6 29. Nc2 Rf7 30. Nf1 e5 31. Rd1 Bb5 32. Qa3 exd4 33. Ba5 Nxa5 34. Qxa5 Qxa5
35. Rxa5 Be2 36. Rd2 d3 37. Nce3 Bxb2 38. Rxa7 Bd4 39. Rxc7 Bxe3 40. Rxf7 Rxb1
0-1

[Event "SV Dinslaken 1 - Bahn-SC Wuppertal 1"]
[Site "Oberliga NRW 2019/2020"]
[Date "2019.10.13"]
[Round "2.3"]
[White "Savchenko, Aleksij"]
[Black "Mundorf, Johannes"]
[Result "1-0"]
[WhiteElo "2296"]
[BlackElo "2185"]
[PlyCount "111"]
[EventDate "2019.??.??"]
[SourceVersionDate "2020.03.16"]
[WhiteTeam "Bahn-SC Wuppertal 1"]
[BlackTeam "SV Dinslaken 1"]

1. e4 e6 2. d4 d5 3. e5 c5 4. dxc5 Nc6 5. Nf3 Bxc5 6. Bd3 Nge7 7. O-O Ng6 8.
Qe2 Qc7 9. Re1 Nb4 10. Nc3 Nxd3 11. Qxd3 Bd7 12. Be3 Bb4 13. Bd2 Bxc3 14. Bxc3
Rc8 15. Bb4 Qxc2 16. Qe3 Qe4 17. Qxe4 dxe4 18. Nd2 Bc6 19. Nxe4 Rc7 20. Nd6+
Kd8 21. Rad1 Bd5 22. Ne4 b6 23. Nc3 Rd7 24. Bd6 Bc6 25. b4 Nh4 26. f3 Nf5 27.
b5 Ba8 28. Bb8 Bd5 29. Nxd5 exd5 30. g4 Ne7 31. Rd4 g5 32. e6 fxe6 33. Rxe6 Rf8
34. Kf2 Ng6 35. Be5 Rdf7 36. Rxd5+ Kc8 37. Rd3 Nh4 38. Rc6+ Kb7 39. Rcc3 Re8
40. Bd6 Ng6 41. Rd5 Rd8 42. Rcd3 Rfd7 43. Rd1 Nf4 44. R5d2 Ne6 45. Bb4 Rxd2+
46. Rxd2 Rxd2+ 47. Bxd2 a6 48. bxa6+ Kxa6 49. Kg3 Kb5 50. f4 gxf4+ 51. Bxf4 Kc6
52. g5 Kd5 53. Kg4 Ke4 54. Bd6 b5 55. Kh5 Kf5 56. Be7 1-0

[Event "SV Dinslaken 1 - Bahn-SC Wuppertal 1"]
[Site "Oberliga NRW 2019/2020"]
[Date "2019.10.13"]
[Round "2.4"]
[White "Borchert, Rene"]
[Black "Biriukov, Nikolai"]
[Result "1/2-1/2"]
[WhiteElo "2173"]
[BlackElo "2326"]
[PlyCount "59"]
[EventDate "2019.??.??"]
[SourceVersionDate "2020.03.16"]
[WhiteTeam "SV Dinslaken 1"]
[BlackTeam "Bahn-SC Wuppertal 1"]

1. e4 c5 2. c3 d5 3. exd5 Qxd5 4. Nf3 Nf6 5. d4 e6 6. Be2 Nc6 7. O-O cxd4 8.
cxd4 Be7 9. Nc3 Qd6 10. Nb5 Qd8 11. Bf4 Nd5 12. Bg3 a6 13. Nc3 O-O 14. Ne5 Nxc3
15. bxc3 Nxe5 16. Bxe5 Bd6 17. Bf3 Rb8 18. Qe2 Qc7 19. Bxd6 Qxd6 20. a4 b5 21.
axb5 axb5 22. Rfb1 Bd7 23. Rb4 Rfe8 24. Qb2 e5 25. Rd1 Qg6 26. dxe5 Rxe5 27.
Qd2 Rbe8 28. Rd4 Bc6 29. Bxc6 Qxc6 30. Rd8 1/2-1/2

[Event "SV Dinslaken 1 - Bahn-SC Wuppertal 1"]
[Site "Oberliga NRW 2019/2020"]
[Date "2019.10.13"]
[Round "2.5"]
[White "Bashilin, Roman"]
[Black "Strijbos, Maarten"]
[Result "0-1"]
[WhiteElo "2250"]
[BlackElo "2309"]
[PlyCount "54"]
[EventDate "2019.??.??"]
[SourceVersionDate "2020.03.16"]
[WhiteTeam "Bahn-SC Wuppertal 1"]
[BlackTeam "SV Dinslaken 1"]

1. d4 d5 2. Nf3 Nf6 3. Bf4 c5 4. e3 Nc6 5. Be2 cxd4 6. exd4 Bg4 7. c3 Bxf3 8.
Bxf3 e6 9. O-O Bd6 10. Bxd6 Qxd6 11. Nd2 h5 12. Re1 g5 13. g3 h4 14. a4 hxg3
15. hxg3 O-O-O 16. b4 Ne7 17. c4 Nf5 18. c5 Qf8 19. Nf1 g4 20. Bg2 Ne4 21. Qd3
Ng5 22. Ne3 Nxe3 23. Qxe3 Qh6 24. Qd3 Qf6 25. Kf1 Rh2 26. c6 Qf3 27. cxb7+ Kb8
0-1

[Event "SV Dinslaken 1 - Bahn-SC Wuppertal 1"]
[Site "Oberliga NRW 2019/2020"]
[Date "2019.10.13"]
[Round "2.6"]
[White "Sonnenschein, Philipp"]
[Black "Ries, Benjamin"]
[Result "1/2-1/2"]
[WhiteElo "2119"]
[BlackElo "2252"]
[PlyCount "83"]
[EventDate "2019.??.??"]
[SourceVersionDate "2020.03.16"]
[WhiteTeam "SV Dinslaken 1"]
[BlackTeam "Bahn-SC Wuppertal 1"]

1. e4 e5 2. Nf3 Nc6 3. Bb5 a6 4. Ba4 Nf6 5. O-O Be7 6. Re1 b5 7. Bb3 d6 8. c3
O-O 9. h3 Nb8 10. d4 Nbd7 11. Nbd2 Bb7 12. Bc2 Re8 13. Nf1 Bf8 14. Ng3 g6 15.
Nh2 Bg7 16. f4 exd4 17. cxd4 c5 18. e5 dxe5 19. dxe5 Qe7 20. Nf3 Nd5 21. Ne4
Nb4 22. Bb1 Rad8 23. Bd2 Nb6 24. Nd6 Nc4 25. Nxb7 Qxb7 26. Qe2 Nxd2 27. Nxd2 c4
28. Ne4 Qb6+ 29. Qf2 Qxf2+ 30. Kxf2 Nd5 31. g3 f5 32. Nc3 Bf8 33. Nxd5 Rxd5 34.
Bc2 Rd2+ 35. Re2 Red8 36. Rae1 Bc5+ 37. Kf3 Bb4 38. Rxd2 Rxd2 39. Re2 Kf7 40.
g4 Ke6 41. gxf5+ gxf5 42. Rxd2 1/2-1/2

[Event "SV Dinslaken 1 - Bahn-SC Wuppertal 1"]
[Site "Oberliga NRW 2019/2020"]
[Date "2019.10.13"]
[Round "2.7"]
[White "Savchenko, Daniel"]
[Black "Gorny, Michael"]
[Result "1-0"]
[WhiteElo "2122"]
[BlackElo "2025"]
[PlyCount "75"]
[EventDate "2019.??.??"]
[SourceVersionDate "2020.03.16"]
[WhiteTeam "Bahn-SC Wuppertal 1"]
[BlackTeam "SV Dinslaken 1"]

1. e4 c5 2. Nf3 d6 3. d4 cxd4 4. Nxd4 Nf6 5. Nc3 a6 6. f4 e6 7. Qf3 Qb6 8. Nb3
Nc6 9. Be3 Qc7 10. O-O-O Be7 11. g4 b5 12. g5 Nd7 13. h4 Bb7 14. Bd3 Nb4 15.
Kb1 Nxd3 16. cxd3 O-O 17. g6 fxg6 18. Qh3 Rf6 19. Rc1 Qd8 20. h5 gxh5 21. Rcg1
Nf8 22. Qxh5 Qe8 23. Qh3 Rg6 24. f5 Rxg1+ 25. Rxg1 b4 26. Ne2 Bf6 27. Nf4 Kh8
28. fxe6 Be5 29. Nd4 Bc8 30. Qg4 g6 31. Rh1 Rb8 32. Qh4 Rb7 33. Nf3 Qe7 34. Ng5
Bxe6 35. Ngxe6 g5 36. Qxg5 Bf6 37. Qg4 Nxe6 38. Ng6+ 1-0

[Event "SV Dinslaken 1 - Bahn-SC Wuppertal 1"]
[Site "Oberliga NRW 2019/2020"]
[Date "2019.10.13"]
[Round "2.8"]
[White "Bergmans, Dirk"]
[Black "Patscha, Elias"]
[Result "1-0"]
[WhiteElo "2077"]
[BlackElo "2010"]
[Annotator "Daniel"]
[PlyCount "83"]
[EventDate "2019.??.??"]
[SourceVersionDate "2020.03.16"]
[WhiteTeam "SV Dinslaken 1"]
[BlackTeam "Bahn-SC Wuppertal 1"]

1. d4 Nf6 2. Bf4 g6 3. Nc3 d5 4. e3 Bg7 5. h4 a6 6. Be2 h5 7. Nf3 Bf5 8. Ne5
Nbd7 9. f3 c5 10. Qd2 cxd4 11. exd4 Rc8 12. Bd3 Bxd3 13. Qxd3 e6 14. O-O-O Nxe5
15. Bxe5 Kf8 16. Ne2 Nd7 17. Bf4 Rc4 18. Kb1 Bf6 19. g3 $11 Kg7 20. Qe3 b5 21.
Rd2 Rc6 22. Be5 Bxe5 23. dxe5 Qc7 24. f4 Nb6 25. Qd3 Na4 26. Nd4 Rc4 27. Ka1
Nc5 28. Qf3 Rc8 29. Rhh2 Qa5 30. Kb1 Ne4 31. Rd1 Qb4 32. Nb3 a5 33. g4 a4 34.
a3 Qe7 35. Na5 Nc3+ 36. Kc1 Rxf4 37. Qxf4 Nxd1 38. Kxd1 Qa7 39. Qf6+ Kg8 40.
Rf2 Rc7 41. gxh5 Qd4+ 42. Kc1 1-0

[Event "SK Münster 1 - SVG Plettenberg 1"]
[Site "Oberliga NRW 2019/2020"]
[Date "2019.10.13"]
[Round "2.1"]
[White "Haub, Thorsten Michael"]
[Black "Webb, Laurence"]
[Result "0-1"]
[WhiteElo "2391"]
[BlackElo "2270"]
[PlyCount "176"]
[EventDate "2019.??.??"]
[SourceVersionDate "2020.03.16"]
[WhiteTeam "SVG Plettenberg 1"]
[BlackTeam "SK Münster 1"]

1. g3 e5 2. Bg2 d5 3. c4 d4 4. d3 Nf6 5. Nf3 Nc6 6. O-O a5 7. e3 Be7 8. exd4
exd4 9. Na3 O-O 10. Nb5 Bf5 11. a3 Bc5 12. Bg5 Rc8 13. Nh4 Be6 14. Re1 h6 15.
Bd2 Re8 16. Rb1 Bg4 17. Rxe8+ Qxe8 18. Qc2 Qd7 19. f4 Bh3 20. b4 Bxg2 21. Kxg2
axb4 22. axb4 Bf8 23. Nf3 Re8 24. Re1 Rxe1 25. Bxe1 Bxb4 26. Bf2 Ng4 27. h3
Nxf2 28. Qxf2 Bc5 29. Qe2 g6 30. g4 Kg7 31. f5 Qe7 32. Qxe7 Nxe7 33. Nxc7 gxf5
34. g5 Ng6 35. Ne8+ Kf8 36. Nf6 Be7 37. Nd5 hxg5 38. Nxd4 Nh4+ 39. Kf1 g4 40.
hxg4 fxg4 41. Nxe7 Kxe7 42. Kf2 Kf6 43. Nb5 Nf5 44. d4 Ke6 45. Nc7+ Kd6 46.
Nb5+ Kc6 47. Na7+ Kd7 48. Nb5 Nd6 49. Na3 f5 50. Ke3 g3 51. Kf3 f4 52. Nc2 Nf5
53. Ne1 Nh4+ 54. Kxf4 g2 55. Nxg2 Nxg2+ 56. Ke4 Ne1 57. Kd5 Nd3 58. Ke4 Ne1 59.
Kd5 Nd3 60. Ke4 Nb4 61. Ke5 Kc6 62. Ke4 Kd6 63. Ke3 Ke6 64. Ke4 Na6 65. Kf4 Nb8
66. Ke4 Nd7 67. Kd3 Kf5 68. Ke3 Nb8 69. Kd3 Na6 70. c5 Nc7 71. Kc4 Ke6 72. Kb4
Kd7 73. Kb3 Kc6 74. Kc4 Nd5 75. Kd3 Kb5 76. Ke4 Nb4 77. Ke5 Nc6+ 78. Kd5 Ka6
79. Kc4 Ka5 80. d5 Na7 81. c6 b6 82. Kd4 Kb5 83. c7 Nc8 84. Ke5 Kc5 85. Ke6 b5
86. Kd7 Nb6+ 87. Ke6 Nc8 88. Kd7 Nd6 0-1

[Event "SK Münster 1 - SVG Plettenberg 1"]
[Site "Oberliga NRW 2019/2020"]
[Date "2019.10.13"]
[Round "2.2"]
[White "Holtel, Jasper"]
[Black "Bosch, Jeroen"]
[Result "1/2-1/2"]
[WhiteElo "2271"]
[BlackElo "2420"]
[PlyCount "108"]
[EventDate "2019.??.??"]
[SourceVersionDate "2020.03.16"]
[WhiteTeam "SK Münster 1"]
[BlackTeam "SVG Plettenberg 1"]

1. e4 c6 2. d4 d5 3. exd5 cxd5 4. c4 Nf6 5. Nc3 Nc6 6. Nf3 Be6 7. c5 g6 8. Bb5
Bg7 9. Ne5 Bd7 10. Bxc6 Bxc6 11. O-O Nd7 12. Nxd7 Qxd7 13. Bf4 O-O 14. Qd2 Rfe8
15. Rfe1 a5 16. b3 Qd8 17. a3 b6 18. b4 axb4 19. axb4 Rxa1 20. Rxa1 bxc5 21.
bxc5 e5 22. Be3 Qh4 23. g3 Qg4 24. Qd1 Qxd1+ 25. Rxd1 exd4 26. Bxd4 Bxd4 27.
Rxd4 Re1+ 28. Kg2 Rc1 29. Ne2 Rxc5 30. Rd2 Kg7 31. Nd4 Bd7 32. h4 Kf6 33. Ra2
Rc4 34. Rd2 h6 35. Rd3 Ke5 36. Nf3+ Kd6 37. Nd4 Rb4 38. Kf3 Rb8 39. Ke3 Bg4 40.
Rc3 Re8+ 41. Kd2 Bd7 42. Ra3 Rb8 43. Ke3 h5 44. Ra6+ Kc5 45. Ra7 Re8+ 46. Kd3
Re7 47. Ra5+ Kd6 48. Ra6+ Kc7 49. Ra3 Re1 50. Ra7+ Kd6 51. Ra6+ Ke7 52. Ra7 Kd6
53. Ra6+ Ke7 54. Ra7 Kd6 1/2-1/2

[Event "SK Münster 1 - SVG Plettenberg 1"]
[Site "Oberliga NRW 2019/2020"]
[Date "2019.10.13"]
[Round "2.3"]
[White "Browning, Alex"]
[Black "Wolter, Kai"]
[Result "1/2-1/2"]
[WhiteElo "2298"]
[BlackElo "2292"]
[PlyCount "152"]
[EventDate "2019.??.??"]
[SourceVersionDate "2020.03.16"]
[WhiteTeam "SVG Plettenberg 1"]
[BlackTeam "SK Münster 1"]

1. e4 c5 2. Nf3 e6 3. c3 d5 4. exd5 exd5 5. d4 Nc6 6. Bb5 Bd6 7. O-O Nge7 8.
dxc5 Bxc5 9. Nbd2 O-O 10. Nb3 Bd6 11. h3 a6 12. Bd3 h6 13. Be3 Bf5 14. Bc5 Qd7
15. Bxf5 Nxf5 16. Qd3 Nfe7 17. Rad1 Bxc5 18. Nxc5 Qc7 19. Nb3 Rad8 20. Rfe1 Ng6
21. Qf5 Nce7 22. Qg4 Nc6 23. Nbd4 Qf4 24. Qh5 Qf6 25. g3 Rd7 26. Kg2 Rfd8 27.
Nf5 b5 28. a3 Na5 29. Ne3 Qc6 30. Nd4 Qa8 31. Kh2 Nc4 32. b3 Nxe3 33. Rxe3 Re8
34. Red3 Ne5 35. Re3 Ng6 36. Rde1 Rde7 37. Rxe7 Rxe7 38. Rxe7 Nxe7 39. Qe5 Ng6
40. Qd6 Qc8 41. Qc6 Ne7 42. Qxc8+ Nxc8 43. Nc6 Nb6 44. Kg2 f6 45. Kf3 Kf7 46.
Ke3 Ke6 47. Nd4+ Kf7 48. Nf5 h5 49. Kd4 g6 50. Kc5 Nd7+ 51. Kd6 Ne5 52. Ne3 Nd3
53. Nd1 h4 54. gxh4 Nf4 55. f3 Nxh3 56. Kxd5 Nf4+ 57. Kd6 Ng2 58. c4 bxc4 59.
bxc4 Nxh4 60. c5 Nxf3 61. c6 Nd4 62. c7 Nb5+ 63. Kd7 Nxc7 64. Kxc7 f5 65. Kb6
g5 66. Kxa6 g4 67. Nf2 g3 68. Nh3 Kf6 69. Kb7 Ke5 70. a4 f4 71. Ng1 Ke4 72. a5
f3 73. Nxf3 Kxf3 74. a6 g2 75. a7 g1=Q 76. a8=Q Qb1+ 1/2-1/2

[Event "SK Münster 1 - SVG Plettenberg 1"]
[Site "Oberliga NRW 2019/2020"]
[Date "2019.10.13"]
[Round "2.4"]
[White "Muschik, Benedikt"]
[Black "Schulze, Marc"]
[Result "1-0"]
[WhiteElo "2265"]
[BlackElo "2226"]
[PlyCount "53"]
[EventDate "2019.??.??"]
[SourceVersionDate "2020.03.16"]
[WhiteTeam "SK Münster 1"]
[BlackTeam "SVG Plettenberg 1"]

1. d4 Nf6 2. Nf3 e6 3. Bf4 d5 4. e3 Bd6 5. Bg3 c5 6. c3 Qc7 7. dxc5 Qxc5 8.
Nbd2 Nbd7 9. Bd3 e5 10. Bc2 O-O 11. O-O Re8 12. e4 dxe4 13. Bxe4 Qc7 14. Bc2 e4
15. Bxd6 Qxd6 16. Nd4 Qf4 17. Qe2 Nc5 18. Qe3 Qxe3 19. fxe3 Nd5 20. Rae1 g6 21.
b4 Nd3 22. Bb3 Be6 23. Nxe6 fxe6 24. Nxe4 Nxe1 25. Bxd5 Kg7 26. Bxb7 Rab8 27.
Rxe1 1-0

[Event "SK Münster 1 - SVG Plettenberg 1"]
[Site "Oberliga NRW 2019/2020"]
[Date "2019.10.13"]
[Round "2.5"]
[White "Jansen, Dirk Norbert"]
[Black "Schmitzer, Klaus"]
[Result "1-0"]
[WhiteElo "2114"]
[BlackElo "2242"]
[Annotator "Daniel"]
[PlyCount "79"]
[EventDate "2019.??.??"]
[SourceVersionDate "2020.03.16"]
[WhiteTeam "SVG Plettenberg 1"]
[BlackTeam "SK Münster 1"]

1. e4 c6 2. d4 d5 3. e5 Bf5 4. h4 h5 5. Bd3 Bxd3 6. Qxd3 e6 7. Bg5 Ne7 8. Nd2
Qa5 9. Ngf3 Qa6 10. c4 Nd7 11. Bxe7 Bxe7 12. O-O O-O-O 13. Qc3 dxc4 14. Nxc4
Nb6 15. Nxb6+ Qxb6 16. a3 Kb8 17. Rfe1 $11 Rhg8 18. Re4 g5 19. hxg5 Bxg5 20. b4
Be7 21. Rf4 Rg7 22. g3 Rh8 23. Kg2 Qd8 24. Rh1 h4 25. Rh3 hxg3 26. Rxg3 Rgh7
27. Qb3 Qf8 28. Rfg4 a6 29. a4 Qh6 30. Kf1 Qc1+ 31. Ke2 b5 32. axb5 cxb5 33. d5
exd5 34. Nd4 Rc8 35. Rg8 Rh4 36. Rxc8+ Qxc8 37. Qxd5 Bxb4 38. Nc6+ Kc7 39. Nxb4
Qf5 40. Qc6+ 1-0

[Event "SK Münster 1 - SVG Plettenberg 1"]
[Site "Oberliga NRW 2019/2020"]
[Date "2019.10.13"]
[Round "2.6"]
[White "Kamp, Christoph"]
[Black "Kuhnen, Thomas"]
[Result "1-0"]
[WhiteElo "2231"]
[BlackElo "2008"]
[PlyCount "57"]
[EventDate "2019.??.??"]
[SourceVersionDate "2020.03.16"]
[WhiteTeam "SK Münster 1"]
[BlackTeam "SVG Plettenberg 1"]

1. c4 c6 2. e4 d5 3. cxd5 cxd5 4. exd5 Qxd5 5. Nc3 Qd8 6. d4 e6 7. Nf3 Nf6 8.
Bc4 Be7 9. O-O O-O 10. Bf4 a6 11. a4 Nc6 12. Rc1 Nb4 13. Qb3 Qa5 14. Rfe1 Qf5
15. Bg3 b5 16. axb5 axb5 17. Nxb5 Ne4 18. Be5 Bb7 19. Nc7 Ng5 20. Nxg5 Qxg5 21.
Qg3 Qxg3 22. hxg3 Ra5 23. Nxe6 fxe6 24. Bxe6+ Kh8 25. Rc7 Nd3 26. Rxe7 Nxe5 27.
Rxe5 Ra1+ 28. Kh2 Bc6 29. d5 1-0

[Event "SK Münster 1 - SVG Plettenberg 1"]
[Site "Oberliga NRW 2019/2020"]
[Date "2019.10.13"]
[Round "2.7"]
[White "Winterkamp, Sascha"]
[Black "Chilla, Jan Eric"]
[Result "0-1"]
[WhiteElo "1955"]
[BlackElo "2202"]
[PlyCount "48"]
[EventDate "2019.??.??"]
[SourceVersionDate "2020.03.16"]
[WhiteTeam "SVG Plettenberg 1"]
[BlackTeam "SK Münster 1"]

1. d4 Nf6 2. Nf3 e6 3. Bg5 c5 4. e3 cxd4 5. exd4 b6 6. Nbd2 Bb7 7. Bd3 Be7 8.
Bxf6 Bxf6 9. Qe2 d6 10. c3 Nd7 11. O-O-O a6 12. Ne4 Be7 13. h4 h6 14. Nfd2 b5
15. Qg4 g6 16. Qf4 Nb6 17. Rde1 Rc8 18. Kb1 Bd5 19. Rh3 f5 20. Ng3 Bxg2 21.
Nxf5 gxf5 22. Rh2 Bd5 23. f3 Kd7 24. Rhe2 Bxh4 0-1

[Event "SK Münster 1 - SVG Plettenberg 1"]
[Site "Oberliga NRW 2019/2020"]
[Date "2019.10.13"]
[Round "2.8"]
[White "Rott, Georg"]
[Black "Klippert, Jan Oliver"]
[Result "1-0"]
[WhiteElo "2058"]
[BlackElo "1789"]
[PlyCount "173"]
[EventDate "2019.??.??"]
[SourceVersionDate "2020.03.16"]
[WhiteTeam "SK Münster 1"]
[BlackTeam "SVG Plettenberg 1"]

1. e4 e6 2. d4 d5 3. Nd2 c5 4. Ngf3 Nc6 5. exd5 exd5 6. Bb5 Bd7 7. Qe2+ Qe7 8.
dxc5 Qxe2+ 9. Kxe2 Bxc5 10. Nb3 Bb6 11. Be3 Bxe3 12. Kxe3 Nf6 13. Nfd4 O-O 14.
f3 Ne5 15. Rab1 Rac8 16. Bxd7 Nfxd7 17. Rhd1 Rfe8 18. Kf2 Nc4 19. c3 Nde5 20.
Ne2 Rcd8 21. Nc5 b6 22. Na6 Re6 23. b3 Na3 24. Rb2 Red6 25. Rbd2 Nc6 26. Nc7 d4
27. Nxd4 R6d7 28. f4 h6 29. Nf3 Rxc7 30. Rxd8+ Nxd8 31. Rxd8+ Kh7 32. c4 b5 33.
cxb5 Nxb5 34. Rd2 Nc3 35. Ke3 Re7+ 36. Kd3 Nd5 37. g3 Rd7 38. Kc4 Ne3+ 39. Kb5
Rc7 40. Ne5 Nf5 41. b4 f6 42. Nd7 Rb7+ 43. Ka5 Ne3 44. Nf8+ Kg8 45. Rd8 Nc4+
46. Ka4 Nb6+ 47. Kb3 Kf7 48. f5 Ke7 49. Ne6 a5 50. Rg8 a4+ 51. Kc2 Kd6 52. Rxg7
Rb8 53. Ra7 Rc8+ 54. Kd3 Rc1 55. b5 Ke5 56. Rc7 Rd1+ 57. Ke2 Rh1 58. h3 Kxf5
59. Nd4+ Ke4 60. Nf3 Rxh3 61. Rc6 Nd7 62. Rd6 Nc5 63. Rd4+ Kf5 64. Rd5+ Ke4 65.
Rxc5 Rxg3 66. Nd2+ Kd4 67. Rc4+ Kd5 68. Rxa4 Rg2+ 69. Ke3 Kc5 70. Ra6 Kxb5 71.
Rxf6 Rg3+ 72. Nf3 Rg2 73. Nd4+ Kc4 74. Ne2 Rh2 75. Rf4+ Kc5 76. a4 Rh3+ 77. Rf3
Rh1 78. Kd3 Ra1 79. Nc3 Rh1 80. Rf5+ Kc6 81. Kd4 Rh4+ 82. Ne4 Rh1 83. Rf6+ Kc7
84. Nc3 h5 85. a5 Ra1 86. a6 Kb8 87. Nb5 1-0

[Event "SVG Plettenberg 1 - SV Letmathe 1"]
[Site "Oberliga NRW 2019/2020"]
[Date "2019.11.10"]
[Round "3.1"]
[White "Kolosowski, Mateusz"]
[Black "Haub, Thorsten Michael"]
[Result "1/2-1/2"]
[WhiteElo "2477"]
[BlackElo "2391"]
[PlyCount "117"]
[EventDate "2019.??.??"]
[SourceVersionDate "2020.03.16"]
[WhiteTeam "SV Letmathe 1"]
[BlackTeam "SVG Plettenberg 1"]

1. e4 e6 2. d4 d5 3. Nd2 Nf6 4. e5 Nfd7 5. Bd3 c5 6. c3 Nc6 7. Ne2 cxd4 8. cxd4
Nb6 9. O-O Bd7 10. Nf3 Be7 11. Nf4 g6 12. g3 a5 13. a4 Qc7 14. Be3 Nb4 15. b3
Nxd3 16. Nxd3 h6 17. h4 Bc6 18. Qd2 Bf8 19. Nh2 Nd7 20. Ng4 h5 21. Nf6+ Nxf6
22. exf6 Qb6 23. Qb2 Bd6 24. Rac1 Kf8 25. Rc3 Kg8 26. Rfc1 Kh7 27. Qd2 Qd8 28.
Bg5 Re8 29. Re1 e5 30. dxe5 Bc7 31. Qf4 d4 32. Rc5 Qd7 33. Bh6 Qf5 34. Qxf5
gxf5 35. Bf4 Bb6 36. Rcc1 Bd5 37. e6 Rxe6 38. Rxe6 Bxe6 39. Bc7 Ba7 40. Rb1 Rc8
41. Bxa5 Bb8 42. Bd2 Rc2 43. Bf4 Ba7 44. b4 Bc4 45. Rd1 Ra2 46. a5 Bd5 47. Ne5
Rb2 48. f3 Rxb4 49. Kf1 Rb5 50. Rc1 Be6 51. Ra1 d3 52. Rd1 Bd4 53. Nxd3 Bxf6
54. Bc7 Bc4 55. Kg2 Rd5 56. Nf2 Rxd1 57. Nxd1 Bd4 58. Nf2 Bxf2 59. Kxf2 1/2-1/2

[Event "SVG Plettenberg 1 - SV Letmathe 1"]
[Site "Oberliga NRW 2019/2020"]
[Date "2019.11.10"]
[Round "3.2"]
[White "Bosch, Jeroen"]
[Black "Cukrowski, Filip"]
[Result "0-1"]
[WhiteElo "2420"]
[BlackElo "2425"]
[PlyCount "112"]
[EventDate "2019.??.??"]
[SourceVersionDate "2020.03.16"]
[WhiteTeam "SVG Plettenberg 1"]
[BlackTeam "SV Letmathe 1"]

1. Nf3 Nf6 2. c4 e6 3. b3 b6 4. g3 Bb7 5. Bg2 c5 6. O-O Be7 7. Bb2 O-O 8. Nc3
Nc6 9. e3 d5 10. cxd5 Nxd5 11. Nxd5 exd5 12. d4 Ba6 13. Re1 Nb4 14. Ne5 Bb7 15.
dxc5 bxc5 16. a3 Na6 17. Qh5 Bf6 18. Rad1 Rb8 19. Qe2 Qc7 20. f4 Rfd8 21. Qc2
Qb6 22. Ba1 d4 23. Nc4 Qb5 24. a4 Qd7 25. exd4 Bxg2 26. Qxg2 cxd4 27. Ne5 Bxe5
28. Rxe5 f6 29. Ra5 Qe6 30. Qf1 d3 31. Rb5 Rxb5 32. axb5 Nc5 33. b4 Nb3 34.
Rxd3 Rxd3 35. Qxd3 Nxa1 36. Qd8+ Kf7 37. Qc7+ Kg6 38. Qxa7 Nc2 39. Qf2 Nxb4 40.
b6 Qd5 41. h3 Na6 42. Qe2 Qc5+ 43. Kg2 Qc6+ 44. Qf3 Nb8 45. b7 Kf5 46. g4+ Ke6
47. Kg3 Qxf3+ 48. Kxf3 Nd7 49. Ke3 Kd5 50. f5 h5 51. Kf4 hxg4 52. hxg4 Kc6 53.
g5 Kxb7 54. Kg4 Kc6 55. Kh5 Kd6 56. Kg6 Ke5 0-1

[Event "SVG Plettenberg 1 - SV Letmathe 1"]
[Site "Oberliga NRW 2019/2020"]
[Date "2019.11.10"]
[Round "3.3"]
[White "Dubinski, Mateusz"]
[Black "Litwak, Aleksej"]
[Result "1/2-1/2"]
[WhiteElo "2320"]
[BlackElo "2267"]
[Annotator "daniel"]
[PlyCount "97"]
[EventDate "2019.??.??"]
[SourceVersionDate "2020.03.16"]
[WhiteTeam "SV Letmathe 1"]
[BlackTeam "SVG Plettenberg 1"]

1. d4 Nf6 2. c4 e6 3. g3 d5 4. Nf3 dxc4 5. Bg2 Bd7 6. Ne5 Bc6 7. Nxc6 Nxc6 8.
Bxc6+ bxc6 9. Nc3 c5 10. Qa4+ Qd7 11. dxc5 Bxc5 12. Qxc4 Qc6 13. Qa4 Qxa4 14.
Nxa4 Bb4+ $11 15. Bd2 Bxd2+ 16. Kxd2 O-O-O+ 17. Kc2 Rd4 18. Nc3 Rhd8 19. Rhd1
Ng4 20. Rxd4 Rxd4 21. f3 Ne3+ 22. Kb3 c5 23. a3 Rd2 24. Re1 c4+ 25. Ka2 Kd7 26.
g4 Kc6 27. h4 a6 28. h5 h6 29. Kb1 Rd4 30. Rg1 f6 31. Kc1 Kd6 32. Na2 Ke5 33.
Nb4 Rd6 34. Na2 Kf4 35. Nc3 Rd7 36. Ne4 Rd5 37. Nf2 Rd7 38. Nh3+ Ke5 39. f4+
Ke4 40. g5 Kf5 41. gxh6 gxh6 42. Nf2 Kxf4 43. Rg6 Nf5 44. e4 Ne3 45. Rxf6+ Ke5
46. Rxh6 Rf7 47. Nh3 Rd7 48. Nf2 Rf7 49. Nh3 1/2-1/2

[Event "SVG Plettenberg 1 - SV Letmathe 1"]
[Site "Oberliga NRW 2019/2020"]
[Date "2019.11.10"]
[Round "3.4"]
[White "Schulze, Marc"]
[Black "Soukup, Jiri"]
[Result "1/2-1/2"]
[WhiteElo "2226"]
[BlackElo "2351"]
[Annotator "daniel"]
[PlyCount "127"]
[EventDate "2019.??.??"]
[SourceVersionDate "2020.03.16"]
[WhiteTeam "SVG Plettenberg 1"]
[BlackTeam "SV Letmathe 1"]

1. d4 Nf6 2. Nf3 e6 3. Bf4 b6 4. e3 Bb7 5. Bd3 d6 6. Nbd2 Nbd7 7. Qe2 Be7 8. h3
O-O 9. c3 Re8 10. Ba6 Bxa6 11. Qxa6 Bf8 12. O-O e5 13. dxe5 dxe5 14. Bh2 e4 15.
Nd4 Nc5 16. Qc4 Bd6 17. Bxd6 cxd6 18. b4 d5 19. Qe2 Nd3 20. f3 Rc8 21. fxe4
dxe4 22. Rad1 Rxc3 23. Nxe4 Nxe4 24. Rxd3 Ng3 25. Qf3 Nxf1 26. Rxc3 Nxe3 27.
Nc6 Qd6 28. Nxa7 Qd2 29. Qc6 Qe1+ 30. Kh2 Nf1+ 31. Kg1 Nd2+ 32. Kh2 Qe5+ 33.
Kh1 Kf8 34. Rc1 Ne4 35. Qc7 Nf2+ 36. Kg1 Qe3 37. Kh2 h5 38. Qd6+ Kg8 39. Rc8 h4
40. Rxe8+ Qxe8 41. Nc6 Qe4 42. Nd4 Nd3 43. Nf3 f6 44. Qxb6 Qf4+ 45. Kg1 Nxb4
46. a4 Qc1+ $11 47. Kh2 Qf4+ 48. Kh1 Qc1+ 49. Ng1 Qc4 50. a5 Kh7 51. Nf3 Qc1+
52. Qg1 Qxg1+ 53. Kxg1 g5 54. Kf2 Kg6 55. Nd4 f5 56. Nb5 Na6 57. Ke3 Kf6 58.
Kd4 g4 59. Nc3 Kg5 60. Ke5 Nb4 61. Kd6 f4 62. Ne4+ Kf5 63. Nd2 Kg5 64. Ne4+
1/2-1/2

[Event "SVG Plettenberg 1 - SV Letmathe 1"]
[Site "Oberliga NRW 2019/2020"]
[Date "2019.11.10"]
[Round "3.5"]
[White "Schleining, Zoya"]
[Black "Wedda, Dries"]
[Result "0-1"]
[WhiteElo "2310"]
[BlackElo "2169"]
[PlyCount "98"]
[EventDate "2019.??.??"]
[SourceVersionDate "2020.03.16"]
[WhiteTeam "SV Letmathe 1"]
[BlackTeam "SVG Plettenberg 1"]

1. d4 Nf6 2. g3 c5 3. d5 b5 4. Bg2 Bb7 5. e4 d6 6. a4 b4 7. Nd2 g6 8. Ngf3 Bg7
9. O-O O-O 10. Re1 a5 11. Nc4 Nbd7 12. Bg5 Ba6 13. Nfd2 h6 14. Be3 Nb6 15. Nxb6
Qxb6 16. b3 Rad8 17. Rb1 e6 18. dxe6 fxe6 19. f4 Kh7 20. Kh1 d5 21. e5 Ng8 22.
Nf3 Ne7 23. Bg1 Rd7 24. Qd2 d4 25. Rbd1 Nd5 26. h4 Ne7 27. Kh2 Nf5 28. g4 Ne7
29. Bf2 Nd5 30. Bg3 Nc3 31. Ra1 d3 32. Re3 Rfd8 33. cxd3 Rxd3 34. Rxd3 Bxd3 35.
Qe3 Bc2 36. Nd2 Rd3 37. Qf2 Qd8 38. Nc4 Bxb3 39. Qxc5 Nxa4 40. Qxa5 Bxc4 41.
Qxa4 Qb6 42. Qa7 Qxa7 43. Rxa7 b3 44. Rb7 Rd2 45. Kh3 Rxg2 46. f5 gxf5 47. gxf5
exf5 48. e6 Rxg3+ 49. Kxg3 Bxe6 0-1

[Event "SVG Plettenberg 1 - SV Letmathe 1"]
[Site "Oberliga NRW 2019/2020"]
[Date "2019.11.10"]
[Round "3.6"]
[White "Pieper, Dawid"]
[Black "Gruermann, Martin"]
[Result "1/2-1/2"]
[WhiteElo "2159"]
[BlackElo "2192"]
[PlyCount "41"]
[EventDate "2019.??.??"]
[SourceVersionDate "2020.03.16"]
[WhiteTeam "SVG Plettenberg 1"]
[BlackTeam "SV Letmathe 1"]

1. e4 Nf6 2. e5 Nd5 3. Nc3 Nxc3 4. dxc3 d6 5. Nf3 g6 6. Bf4 Bg7 7. Qd2 O-O 8.
O-O-O Nc6 9. h3 dxe5 10. Qe1 Qe8 11. Nxe5 Nxe5 12. Bxe5 Bh6+ 13. Kb1 Qc6 14.
Bd3 Be6 15. Qe4 Qxe4 16. Bxe4 c6 17. Rd3 Rfd8 18. Rhd1 Rxd3 19. Rxd3 Kf8 20. b3
Ke8 21. Bd4 1/2-1/2